Revue internationale des sciences sociales

Salvato in:
Dettagli Bibliografici
Natura: Periodico
Lingua:francese
Pubblicazione: Paris UNESCO 1975
Tags: Aggiungi Tag
Nessun Tag, puoi essere il primo ad aggiungerne!!

MARC

LEADER 00000nas2a2200000 4500
001 0019024
005 20250730114402.9
041 0 |a fre 
044 |a FR 
245 1 0 |a Revue internationale des sciences sociales 
264 1 |a Paris  |b UNESCO  |c 1975 
300 |a 1 zv. 
773 0 |w eu_un_cat*s124988